| 000 | 00721nam a2200229 4500 | ||
|---|---|---|---|
| 003 | OSt | ||
| 005 | 20240719030653.0 | ||
| 006 | a | ||
| 008 | 240719b |||||||| |||| 00| 0 eng d | ||
| 020 | _a9789810698843 | ||
| 040 |
_aDWCL-Main lib. _cOC |
||
| 082 |
_2Sixth edition _aCirc. 174.4 V434b 2008 |
||
| 100 | _aVelasquez , Manuel G. | ||
| 245 | _aBusiness ethics : concepts and cases / | ||
| 250 | _aSixth edition | ||
| 260 |
_aSingapore : _bPearson Education South Asia Pte Limited, _cc2008. |
||
| 300 |
_ax, _b437 pages : illustrations ; _c25 cm. |
||
| 504 | _aIncludes index. | ||
| 650 | _a1. Business ethics. | ||
| 650 | _a2. Business ethics–Case studies. | ||
| 942 |
_2ddc _n0 _cBK-CIRC _eSixth edition _kCirc. |
||
| 999 |
_c2419 _d2419 |
||